UK real estate quarterly (Record no. 110464)

MARC details
000 -LEADER
fixed length control field 01292cad a22002295a 4500
001 - CONTROL NUMBER
control field L149318
008 - FIXED-LENGTH DATA ELEMENTS--GENERAL INFORMATION
fixed length control field 100218s2010 xxk f 000 0 eng d
035 ## - SYSTEM CONTROL NUMBER
System control number (Sirsi) u149318
041 0# - LANGUAGE CODE
Language code of text/sound track or separate title eng
050 04 - LIBRARY OF CONGRESS CALL NUMBER
Classification number 333.33 $2 18
100 1# - MAIN ENTRY--PERSONAL NAME
Personal name Stratton, Henry
245 00 - TITLE STATEMENT
Title UK real estate quarterly
Remainder of title Q4 2009
Medium [electronic resource]
260 ## - PUBLICATION, DISTRIBUTION, ETC.
Place of publication, distribution, etc. London
Name of publisher, distributor, etc. RREEF
Date of publication, distribution, etc. 2009
490 #0 - SERIES STATEMENT
Series statement RREEF UK Real Estate Quarterly
Volume/sequential designation Q4 2009
520 ## - SUMMARY, ETC.
Summary, etc. Investment activity fell sharply and is likely to average around twenty billion pounds in the two years to end 2009. Third quarter 2009 has however seen a sharp turnaround in the performance of UK property, driven largely by the limited availability of good quality stock and an increase in the weight of capital being allocated to the sector. Anticipates the prospects for investment activity over the next 18 months. Suggests that yield compression will lead to a sharp rise in investment activity and investment volumes will rise sharply during 2010.
590 ## - LOCAL NOTE (RLIN)
Local note KA
651 #4 - SUBJECT ADDED ENTRY--GEOGRAPHIC NAME
Geographic name United Kingdom
Chronological subdivision
690 ## - LOCAL SUBJECT ADDED ENTRY--TOPICAL TERM (OCLC, RLIN)
Topical term or geographic name as entry element PROPERTY-COMMERCIAL PROPERTY-COMMERCIAL PROPERTY FINANCE AND INVESTMENT
700 1# - ADDED ENTRY--PERSONAL NAME
Personal name Hobbs, Peter
856 40 - ELECTRONIC LOCATION AND ACCESS
Uniform Resource Identifier <a href="https://www.rreef.com/cps/rde/xchg/ai_en/hs.xsl/3309.html">https://www.rreef.com/cps/rde/xchg/ai_en/hs.xsl/3309.html</a>
Public note View the report free of charge at www.rreef.com...
942 ## - ADDED ENTRY ELEMENTS (KOHA)
Suppress in OPAC 0
Holdings
Withdrawn status Lost status Source of classification or shelving scheme Damaged status Not for loan Home library Current library Shelving location Date acquired Total Checkouts Full call number Barcode Date last seen Copy number Price effective from Koha item type
    Dewey Decimal Classification     Virtual Virtual Online 18/02/2010   ONLINE PUBLICATION 149318-2001 06/08/2019 1 06/08/2019 Book